000 00587nam a2200217Ia 4500
003 OSt
005 20220928145102.0
006 a|||||r|||| 00| 0
007 ta
008 220927b |||||||| |||| 00| 0 eng d
024 _a78602
037 _cTextual
040 _aSDCL
_cSDCL
_beng
041 _2eng
_aeng
082 _aC5:30j74, N1
100 _aDewey T Gregory Ed.
_9511519
245 0 _aBiophysical and biochemical aspects of fluorescence spectroscopy.
260 _c1991
942 _hC5:30j74, N1
_cTEXL
_2CC
999 _c831810
_d831810